Art, culture, and national identity in fin-de-siècle Europe

Saved in:
Bibliographic Details
Other Authors: Facos, Michelle (Editor, Hrsg.)
Document Type: Book
Language:English
Published: Cambridge [u.a.] : Cambridge University Press , 2003
Edition:1. publ.
Subjects:
Online Access:http://www.sehepunkte.de/2004/04/3660.html
Rezension
Rezension
Rezension
Sample text
Publisher description
Table of contents
Related Items:Rezensiert in: [Rezension von: Michelle Facos / Sharon L. Hirsh (Hrsg.), Art, culture and national identity in Fin-de-Siècle Europe]
Author Notes:ed. by Michelle Facos ; Sharon L. Hirsh
LEADER 05729cam a2201153 c 4500
001 353556157
003 DE-627
005 20260613210332.0
007 tu
008 020905s2003 xxk||||| b 00| ||eng c
010 |a  2002031394 
016 7 |a 0521815657  |2 UK 
020 |a 0521815657  |9 0-521-81565-7 
024 3 |a 9780521815659 
024 8 |a 2002-31394  |q Identnummer 
035 |a (DE-627)353556157 
035 |a (DE-603)112793991 
035 |a (DE-576)105687812 
035 |a (DE-599)GBV353556157 
035 |a (OCoLC)248818473 
035 |a (OCoLC)248818473 
035 |a (OCoLC)50503169 
035 |a (JUB)b10120877 
040 |a DE-627  |b ger  |c DE-627  |e rakwb 
041 |a eng 
044 |c XA-GB  |c XD-US  |c XE-AU 
050 0 |a N72.N38 
050 0 |a N72 
082 0 |a 704.9/4932054 
082 0 |a 704.94932054 
084 |a 9,10  |2 ssgn 
084 |a LH 65810  |2 rvk  |0 (DE-625)rvk/94561:12026 
084 |a LH 65800  |2 rvk  |0 (DE-625)rvk/94560: 
084 |a 20.70  |2 bkl 
084 |a 89.22  |2 bkl 
245 0 0 |a Art, culture, and national identity in fin-de-siècle Europe  |c ed. by Michelle Facos ; Sharon L. Hirsh 
250 |a 1. publ. 
263 |a 0306 
264 1 |a Cambridge [u.a.]  |b Cambridge University Press  |c 2003 
300 |a XV, 297 S  |b Ill  |c 26 cm 
336 |a Text  |b txt  |2 rdacontent 
337 |a ohne Hilfsmittel zu benutzen  |b n  |2 rdamedia 
338 |a Band  |b nc  |2 rdacarrier 
500 |a Includes bibliographical references and index 
583 1 |a Archivierung/Langzeitarchivierung gewährleistet  |f SSG  |x XA-DE-BW  |2 pdager  |5 DE-16 
583 1 |a Archivierung prüfen  |c 20240324  |f DE-4165  |z 2  |2 pdager 
648 7 |a Geschichte 1890-1910  |2 gnd 
650 0 |a Nationalism and art  |x History  |x 19th century  |x Europe 
650 0 |a Nationalism and art  |x History  |x 20th century  |x Europe 
650 0 |a Nationalism and art  |x Europe  |x History  |x 19th century 
650 0 |a Nationalism and art  |x Europe  |x History  |x 20th century 
650 0 7 |0 (DE-588)4114333-4  |0 (DE-627)105822957  |0 (DE-576)209483733  |a Kunst  |2 gnd 
650 0 7 |0 (DE-588)4041282-9  |0 (DE-627)104162430  |0 (DE-576)209044284  |a Nationalbewusstsein  |2 gnd 
650 0 7 |0 (DE-588)4154404-3  |0 (DE-627)105523682  |0 (DE-576)209810947  |a Fin de siècle  |2 gnd 
650 4 |a Cultural history  |0 (Blackwell)15272800 
650 4 |a Nationalism  |0 (Blackwell)27781845 
650 4 |a Art as social history  |0 (Blackwell)07200000 
650 4 |a N 61-75 Art theory/aesthetics  |0 (Blackwell)97521010 
651 7 |0 (DE-588)4015701-5  |0 (DE-627)104289007  |0 (DE-576)208913092  |a Europa  |2 gnd 
655 7 |a Bibliografie  |0 (DE-588)4006432-3  |0 (DE-627)104814519  |0 (DE-576)208865578  |2 gnd-content 
689 0 0 |d g  |0 (DE-588)4015701-5  |0 (DE-627)104289007  |0 (DE-576)208913092  |a Europa  |2 gnd 
689 0 1 |d s  |0 (DE-588)4114333-4  |0 (DE-627)105822957  |0 (DE-576)209483733  |a Kunst  |2 gnd 
689 0 2 |d s  |0 (DE-588)4041282-9  |0 (DE-627)104162430  |0 (DE-576)209044284  |a Nationalbewusstsein  |2 gnd 
689 0 3 |a z  |2 gnd  |a Geschichte 1890-1910 
689 0 |5 (DE-627) 
689 1 0 |d s  |0 (DE-588)4154404-3  |0 (DE-627)105523682  |0 (DE-576)209810947  |a Fin de siècle  |2 gnd 
689 1 1 |d s  |0 (DE-588)4114333-4  |0 (DE-627)105822957  |0 (DE-576)209483733  |a Kunst  |2 gnd 
689 1 2 |d s  |0 (DE-588)4041282-9  |0 (DE-627)104162430  |0 (DE-576)209044284  |a Nationalbewusstsein  |2 gnd 
689 1 3 |d g  |0 (DE-588)4015701-5  |0 (DE-627)104289007  |0 (DE-576)208913092  |a Europa  |2 gnd 
689 1 |5 (DE-627) 
700 1 |a Facos, Michelle  |e Hrsg.  |0 (DE-588)136485731  |0 (DE-627)58407218X  |0 (DE-576)30104452X  |4 edt 
700 1 |a Hirsh, Sharon L.  |4 oth 
787 0 8 |i Rezensiert in  |a Kepetzis, Ekaterini, 1970 -   |t [Rezension von: Michelle Facos / Sharon L. Hirsh (Hrsg.), Art, culture and national identity in Fin-de-Siècle Europe]  |d 2004  |w (DE-627)1919525548 
787 0 8 |i Rezensiert in  |w (DE-603)394713702 
787 0 8 |i Rezensiert in  |w (DE-603)394890485 
856 4 1 |u http://www.sehepunkte.de/2004/04/3660.html  |x Verlag  |7 1 
856 4 2 |u https://swbplus.bsz-bw.de/bsz105687812rez.htm  |m V:DE-576  |v 2005-06-06  |3 Rezension  |7 1 
856 4 2 |u http://www.sehepunkte.de/2004/04/3660.html  |m V:DE-576;X:Sehepunkte  |q text/html  |v 20180424122855  |3 Rezension  |7 1 
856 4 2 |u http://scans.hebis.de/HEBCGI/show.pl?11279399_rez.pdf  |m V:DE-576  |q application/pdf  |3 Rezension  |7 1 
856 4 2 |u http://www.loc.gov/catdir/samples/cam033/2002031394.html  |x Verlag  |y Sample text  |7 1 
856 4 2 |u http://www.loc.gov/catdir/description/cam031/2002031394.html  |x Verlag  |y Publisher description  |7 1 
856 4 2 |u http://www.loc.gov/catdir/toc/cam031/2002031394.html  |x Verlag  |y Table of contents  |7 1 
889 |w (DE-627)741390051 
935 |i Blocktest 
936 r v |a LH 65810  |b allgemein  |k Kunstgeschichte  |k Allgemeines. Allgemeine Kunstgeschichte  |k Allgemeine Kunstgeschichte: Darstellungen  |k Darstellungen einzelner Epochen  |k Mittlere und neuere Kunstgeschichte  |k Neuzeit  |k 19. und 20. Jahrhundert  |k 19. Jahrhundert  |k allgemein  |0 (DE-627)1270644262  |0 (DE-625)rvk/94561:12026  |0 (DE-576)200644262 
936 r v |a LH 65800  |b 19. und 20. Jahrhundert insgesamt  |k Kunstgeschichte  |k Allgemeines. Allgemeine Kunstgeschichte  |k Allgemeine Kunstgeschichte: Darstellungen  |k Darstellungen einzelner Epochen  |k Mittlere und neuere Kunstgeschichte  |k Neuzeit  |k 19. und 20. Jahrhundert  |k 19. und 20. Jahrhundert insgesamt  |0 (DE-627)1270877836  |0 (DE-625)rvk/94560:  |0 (DE-576)200877836 
936 b k |a 20.70  |j Europäische Kunst: Allgemeines  |0 (DE-627)106406566 
936 b k |a 89.22  |j Nationalismus  |0 (DE-627)106408933 
951 |a BO 
990 |a Europa 
990 |a Kunst 
990 |a Nationalbewusstsein 
990 |a Geschichte 1890-1910 
990 |a Fin de siècle 
990 |a Kunst 
990 |a Nationalbewusstsein 
990 |a Europa 
991 |a Rezensiertes Werk 
999 |a KXP-PPN353556157  |e 4988425134